00723nam a2200241 a 4500001001300000003000900013005001700022008004100039020002300080082001600103100002300119245004600142260003100188300000900219500003500228505001000263650002400273700002300297902000800320942000700328952012900335999001700464nice12345678IN_TiNIC20260116013906.0050524s1993 dela grp 000 0 eng  a8171563 c25000a181.4bCHA6 aChakrabarty, Mohit aSwami Vivekanandab a Study on Aesthetics aDelhibAtlantic Pub c1993 a198p aincludes index and biblioraphy2 aIndex aPhilosophy-Oriental1 aChakrabarty, Mohit bSRS cBK 001040708StackRoom-aHMIbHMId2007-03-16g250.00l3o181.4 CHA6p015561r2018-10-08s2018-09-21v250.00w2005-05-24yBK c12987d12987